Football quiz n°1 - Statistiques

Statistiques générales
  • Ce quiz a été pris 617 fois
  • Le résultat moyen est 7 sur 15
Statistiques - réponses
Question réponse % Correct
Pays avec le plus de titre en coupe du monde Brésil
92%
91 buts sur une année civile Messi
91%
Légende brésilienne qui a joué a Lyon Juninho
79%
Meilleur buteur en coupe du monde all time Klose
78%
Nom du stade du Bayern Munich Allianz Arena
76%
Buteur décisif en finale de la coupe du monde 2014 Gotze
74%
Surnom de Aguero Kun
65%
Premier club de Ibrahimovic Malmo
62%
Joueuse Brésilienne dites comme la meilleure de tout les temps Marta
40%
Transfert le plus chère de L'OM Vitinha
32%
Meilleur buteur Eridivisie saison 2005-2006 Huntelaar
11%
Transfert le plus chère pour un joueur Africain Osimhen
8%
Meilleur buteur all time de la Ligue 1 Onnis
6%
Le deuxième meilleur buteur en Bundesliga saison 2021/2022 Schick
3%
Nom du plus grand stade du monde Stade Rungrado
3%
Aucun quiz correspondant
Distribution des résultats
% des personnes avec chaque résultat
Percentile par nombre de réponses
Votre historique - résultats
Vous n’avez pas pris ce quiz